My little christmas story / (Record no. 355634)
[ view plain ]
| 000 -LEADER | |
|---|---|
| fixed length control field | 00479nam a2200181Ia 4500 |
| 008 - FIXED-LENGTH DATA ELEMENTS--GENERAL INFORMATION | |
| fixed length control field | 180207s9999 xx 000 0 und d |
| 020 ## - INTERNATIONAL STANDARD BOOK NUMBER | |
| International Standard Book Number | 9780545433495 |
| 050 ## - LIBRARY OF CONGRESS CALL NUMBER | |
| Item number | G652 2010 |
| 100 ## - MAIN ENTRY--PERSONAL NAME | |
| Personal name | Goodings, Christina |
| 245 ## - TITLE STATEMENT | |
| Title | My little christmas story / |
| 245 ## - TITLE STATEMENT | |
| Statement of responsibility, etc | by Christina Goodings ; illustrated by Claudine Gevry. |
| 260 ## - PUBLICATION, DISTRIBUTION, ETC. (IMPRINT) | |
| Place of publication, distribution, etc | New York : |
| 260 ## - PUBLICATION, DISTRIBUTION, ETC. (IMPRINT) | |
| Name of publisher, distributor, etc | Scholastic, |
| 260 ## - PUBLICATION, DISTRIBUTION, ETC. (IMPRINT) | |
| Date of publication, distribution, etc | 2010 |
| 300 ## - PHYSICAL DESCRIPTION | |
| Extent | unpaged : |
| 300 ## - PHYSICAL DESCRIPTION | |
| Other physical details | color illustrations ; |
| 300 ## - PHYSICAL DESCRIPTION | |
| Dimensions | 21cm. |
| Withdrawn status | Lost status | Damaged status | Home library | Current library | Date acquired | Total Checkouts | Full call number | Barcode | Date last seen | Price effective from | Koha item type |
|---|---|---|---|---|---|---|---|---|---|---|---|
| Stonyhurst Southville International School (Malarayat) | Stonyhurst Southville International School (Malarayat) | 02/07/2018 | ER G652 2010 | SSISM5179 | 02/07/2018 | 02/07/2018 | Books |